01009nam a2200241Ia 450000100060000000300090000600800410001504000130005604000130006904100130008210000220009510000290011724500260014624500260017225000110019826000120020926000140022126000490023530000430028450003810032765000280070865000310073622706IT-RoPAU130308s9999 xx 000 0 und d aIT-RoPAU cIT-RoPAU aITALIANO aColombo Vittorino gCodice Aut. SPICS: 7894 aAntenne: nuovo potere bAntenne: Nuovo Potere a1a ed. aFIRENZE bVallecchi c1979 [1° Ed.:1979 - Ed.Ling.Originale:1979] a"208 p. (prefazione: no ; testo: 208)" aComunicazione Elettronica Comunicazione e dominio Comunicazione e Solidarietà Sociale Udienza Passiva Unidirezionalità della Televisione mezzi di Comunicazione e Democrazia Informazione Dialogo pluralismo Obiettività legge di riforma monopolio e Servizio Pubblico Accesso Terza Rete Rai Assegnazione delle frequenze Emittenti locali private legislazione Rediotelevisiva aSAGGI SULLA TELEVISIONE eCodice materia Spics: 6961